| 000 | 00998nam a2200289 a 4500 | ||
|---|---|---|---|
| 001 | 000037719 | ||
| 003 | DO-SdBNP | ||
| 005 | 20171013115439.0 | ||
| 007 | 000037719 | ||
| 008 | 121115s2012 dr ac 000 0 spa d | ||
| 020 | _a9789945452426 | ||
| 040 |
_aBPMSU _bspa _cBPMSU |
||
| 082 |
_a972.93053 _bF316d |
||
| 100 | 1 | _aFéliz, Victoriano | |
| 245 | 1 | 0 |
_aDe Trujillo a la democracia (1930-2008) / _cVictoriano Féliz. |
| 260 |
_aSanto Domingo : _bEl Nuevo Diario, _c2012. |
||
| 300 |
_a151 p. : _bils., retrs. ; _c22 cm. |
||
| 500 | _aIncluye datos biográficos del autor en la contraportada | ||
| 504 | _aBibliografía : p. 151 | ||
| 651 | 4 |
_aREPÚBLICA DOMINICANA _xHISTORIA _y1930-2010 |
|
| 651 | 4 |
_aREPÚBLICA DOMINICANA _xPOLÍTICA Y GOBIERNO _y1930-2010 |
|
| 651 | 4 |
_aREPÚBLICA DOMINICANA _xHISTORIA _yERA DE TRUJILLO, 1930-1961 |
|
| 910 | _aValidado. Control de calidad MFF | ||
| 942 |
_2ddc _cBK |
||
| 945 | _aInventariado / 2017 VM | ||
| 956 |
_aVMATEO _b10 _c201500803 _lBPMSU _h00151 |
||
| 999 |
_c8060 _d8060 |
||